Normal view MARC view

Entry Personal Name

Number of records used in: 1

001 - CONTROL NUMBER

  • control field: 11107

003 - CONTROL NUMBER IDENTIFIER

  • control field: OSt

005 - DATE AND TIME OF LATEST TRANSACTION

  • control field: 20220114143304.0

008 - FIXED-LENGTH DATA ELEMENTS

  • fixed length control field: 220114|| aca||aabn | a|a d

040 ## - CATALOGING SOURCE

  • Original cataloging agency: OSt
  • Transcribing agency: OSt

100 ## - HEADING--PERSONAL NAME

  • Personal name: PCQ-MARCH-2009 (DVD)

670 ## - SOURCE DATA FOUND

  • Source citation: Work cat.: (OSt): PCQ-MARCH-2009 (DVD), PCQ linux 2009, web 2.0, media center, multimedia and publis, 2009

Powered by Koha